Countries that The Grand Tour have visited - Statistics

General Stats
  • This quiz has been taken 29 times
    11 since last reset
  • The average score is 20 of 31
Answer Stats
Country % Correct
Germany
100%
Reunion (France)
100%
United Kingdom
100%
China
89%
France
89%
United States
89%
Austria
78%
Canada
78%
Italy
78%
Morocco
78%
Namibia
78%
Spain
78%
Sweden
78%
Finland
67%
Netherlands
67%
Portugal
67%
South Africa
67%
Switzerland
67%
Cambodia
56%
Colombia
56%
Georgia
56%
Mozambique
56%
UAE
56%
Vietnam
56%
Angola
44%
Azerbaijan
44%
Madagascar
33%
Mongolia
33%
Jordan
22%
Barbados
11%
Croatia
11%
No matching quizzes found
Score Distribution
Percent of People with Each Score
Percentile by Number Answered
Your Score History
You have not taken this quiz since the last reset